Estatuts pera lo bon régimen dels Jochs Florals de Barcelona
Descripción Física:
8 p. ; 26 cm
Materias:
Jocs Florals de Barcelona -- Estatuts
MARC
| LEADER | 00000nam a2200000Ia 4500 | ||
|---|---|---|---|
| 001 | 20671 | ||
| 008 | 160829s1876 xx 000 0 cat d | ||
| 080 | |a RF-7-44 | ||
| 100 | |a Jocs Florals de Barcelona | ||
| 245 | |a Estatuts pera lo bon régimen dels Jochs Florals de Barcelona | ||
| 260 | |a Barcelona : |b Imprenta de la Renaixensa, |c 1876 | ||
| 300 | |a 8 p. ; |c 26 cm | ||
| 590 | |a Prové de 1943, exp. 1 | ||
| 650 | |a Jocs Florals de Barcelona |x Estatuts |9 43307 | ||
| 856 | 4 | |u https://media.diba.cat/diba/fitxers/arxiu/fulletons/bib_20671_1876_baixa.pdf |y Accés lliure | |
| 856 | 4 | |u https://media.diba.cat/diba/fitxers/arxiu/fulletons/bib_20671_1876_baixa.pdf |y Accés lliure | |
| 901 | |a Arxiu | ||
| 942 | |n 1 |2 udc | ||
| 952 | |0 0 |1 0 |4 0 |6 RF744 |7 1 |9 51325 |a Arxiu |b Arxiu |d 2016-12-01 |l 0 |o RF-7-44 |p 20671 |r 2016-12-01 00:00:00 |w 2016-12-01 |y ARXIU | ||
| 999 | |c 55169 |d 55169 | ||
| 900 | |a bib_20671_1876_baixa.pdf | ||